000 00617nam a22002177a 4500
003 OSt
005 20140310182804.0
008 130214t xxu||||| |||| 00| 0 eng d
020 _a9781111523886
050 _aQH 308.2
_b.St796 2010
082 _aM 574
_bSt796 2010
245 _aBiology today and tomorrow :
_bbiology for non-science majors /
_cStarr, Cecie
250 _aPhilippine ed.
260 _aShenton Way
_bCengage Learning
_cc2010
300 _ax, 353 p. :
_c23 cm.
_bill. ;
521 _acollege students
526 _c1210L-1700L
541 _j1
562 _e1
942 _2lcc
_cBK
_kM
999 _c16046
_d16046